| 000 | 01038nam a2200253 a 4500 | ||
|---|---|---|---|
| 001 | 48136 | ||
| 003 | BD-RjUL | ||
| 005 | 20211209054451.0 | ||
| 008 | 160811s1990 ii ||||| |||| 00| 0 ben d | ||
| 020 | _c: Irs 40.00 | ||
| 035 | _a(BD-RjUL)48255 | ||
| 040 |
_aBD-RjUL _bben _cBD-RjUL |
||
| 041 | _aben | ||
| 082 |
_223 _a891.2 _bMAS 1990 |
||
| 100 |
_aমহাকবি-মাঘ-প্রণীতম _9145856 |
||
| 245 | 1 | 0 |
_aশিশুপালবধম / _cমহাকবি-মাঘ-প্রণীতম, সম্পাদক সত্যনারায়ণ চক্রবর্তী |
| 260 |
_aকলিকাতা : _bসংস্কৃত পুস্তক, _c১৯৯০ |
||
| 300 |
_aসর্গ ; _c২১ সেমি। |
||
| 505 | _aসর্গ ১ -- সর্গ ১৪ -- | ||
| 650 |
_aসংস্কৃত সাহিত্য _9145857 |
||
| 650 |
_aSanskrite Literature _9145858 |
||
| 700 |
_aচক্রবর্তী, সত্যনারায়ণ _9135402 |
||
| 942 |
_2ddc _cBK |
||
| 999 |
_c48136 _d48136 |
||